000 00520nam a2200169 i 4500
001 29648
003 ES-MaACL
005 20230906154052.0
007 t|
008 030122s1910 ag ||||1| spa d
100 1 _aBarrenechea, Mariano Antonio.
_925911
245 1 3 _aUn pensador francés
_b: Remy de Gourmont /
_cMariano Antonio Barrenechea.
260 _aBuenos Aires :
_b[s.n.],
_c1910 (
_fOtero y Cª)
300 _a86 p. ;
_c19 cm.
600 1 4 _aGourmont, Rémy de (
_d1858-1916)
_959362
852 _aES-MaACL
_jD-716
999 _c29648
_d29648